| 000 | 00000nam##2200000za#4500 |
| 001 | 9.638146 |
| 003 | CaOODSP |
| 005 | 20210624221537 |
| 007 | cr ||||||||||| |
| 008 | 150407|2002||||xxc|||||o f|0| 0 fre|d |
| 040 | |aCaOODSP|bfre |
| 043 | |an-cn--- |
| 086 | 1 |aRH4-17/2000F-PDF |
| 110 | 1 |aCanada.|bDéveloppement des ressources humaines Canada. |
| 245 | 10|aBien-être de l'enfance au Canada 2000 : |h[ressource électronique]|ble rôle des responsables provinciaux et territoriaux dans la prestation des services de protection de l'enfance / |cPréparé par le Secrétariat du Groupe de travail fédéral-provincial-territorial sur l'information sur les services à l'enfance et à la famille. |
| 260 | |aOttawa - Ontario : |bDéveloppement des ressources humaines Canada |cMars 2002. |
| 300 | |a268p.|bgraphiques, références, tableaux |
| 500 | |aLe n° de catalogue (RH4-17/2000F) et l’ISBN (0-662-86883-8) de l'édition imprimée ont été incorrectement copiés dans la version PDF. |
| 590 | |a11-01-Supp|b2011-01-11 |
| 691 | 07|aPension alimentaire|2gcpds |
| 691 | 07|aPolitique sociale|2gcpds |
| 691 | 07|aSoin de l'enfant|2gcpds |
| 691 | 07|aViolence faite aux enfants|2gcpds |
| 775 | 08|tChild welfare in Canada 2000 : |w(CaOODSP)9.693961 |
| 776 | 0#|tBien-être de l'enfance au Canada 2000 : |w(CaOODSP)9.681784 |
| 856 | 40|ahttp://publications.gc.ca|qPDF|s7518 Ko|uhttps://publications.gc.ca/collections/collection_2010/rhdcc-hrsdc/RH4-17-2000-fra.pdf |